000 00532nam a2200193Ia 4500
008 160319s9999 xx 000 0 und d
020 _a9715691870
050 _bR627n 1996
100 _aRizal, Jose
245 _aNoli Me Tangere /
245 _cJose Rizal ; translated by Ma. Soledad Lacson-Locsin ; edited by Raul L. Locsin.
260 _aMakati City :
260 _bBookmark,
260 _c1996
300 _a1 v 452 pages :
300 _c24 cm.
700 _aLocsin, Ma. Soledad Lacson.
700 _aLocsin, Raul L.
999 _c292323
_d292323